书目信息 |
| 题名: |
地质地貌学
|
|
| 作者: | 左建 主编 | |
| 分册: | ||
| 出版信息: | 北京 中国水利水电出版社 2013.01 |
|
| 页数: | 327页 | |
| 开本: | 26cm | |
| 丛书名: | ||
| 单 册: | ||
| 中图分类: | P5 , P931 | |
| 科图分类: | ||
| 主题词: | 地质学--高等教育--教材 , 地貌学--高等教育--教材 , 地质学 , 地貌学 | |
| 电子资源: | ||
| ISBN: | 978-7-5170-0397-7 | |
| 000 | 01238nam0 2200337 450 | |
| 001 | 0120141238980 | |
| 005 | 20140610104320.12 | |
| 010 | @a978-7-5170-0397-7@dCNY43.00 | |
| 100 | @a20140225e20142013em y0chiy50 ea | |
| 101 | 0 | @achi |
| 102 | @aCN@b110000 | |
| 105 | @aak z 000yy | |
| 106 | @ar | |
| 200 | 1 | @a地质地貌学@9di zhi di mao xue@f左建主编 |
| 205 | @a3版 | |
| 210 | @a北京@c中国水利水电出版社@d2013.01@h2014.01重印 | |
| 215 | @a327页@c图@d26cm | |
| 300 | @a普通高等教育“十二五”规划教材 普通高等教育“十一五”国家级规划教材 | |
| 312 | @a封面英文题名:Higher education | |
| 330 | @a本书共十六章,主要内容包括:地球的宇宙环境、地壳的组成物质系统、地质构造的研究、风化作用系统、重力地貌系统、地面流水的地质作用及地貌特征、地下水的地质作用及水资源评价、风的地质作用及水土流失综合治理等。 | |
| 333 | @a本教材可作为农水、水保、遥感、测绘、地理、水电、水资源、土木专业教材,也可供工程技术人员、管理人员参考 | |
| 510 | 1 | @aHigher education@zeng |
| 606 | 0 | @a地质学@x高等教育@j教材 |
| 606 | 0 | @a地貌学@x高等教育@j教材 |
| 606 | 0 | @a地质学 |
| 606 | 0 | @a地貌学 |
| 690 | @aP5@v5 | |
| 690 | @aP931@v5 | |
| 701 | 0 | @a左建@9zuo jian@4主编 |
| 801 | 0 | @aCN@b人天书店@c20140225 |
| 905 | @b846381-83@dP5@e113=3@f3 | |
| 地质地貌学/左建主编.-3版.-北京:中国水利水电出版社,2013.01(2014.01重印) |
| 327页:图;26cm |
| 普通高等教育“十二五”规划教材 普通高等教育“十一五”国家级规划教材.-使用对象:本教材可作为农水、水保、遥感、测绘、地理、水电、水资源、土木专业教材,也可供工程技术人员、管理人员参考 |
| ISBN 978-7-5170-0397-7:CNY43.00 |
| 本书共十六章,主要内容包括:地球的宇宙环境、地壳的组成物质系统、地质构造的研究、风化作用系统、重力地貌系统、地面流水的地质作用及地貌特征、地下水的地质作用及水资源评价、风的地质作用及水土流失综合治理等。 |
| ● |
| 相关链接 |
|
|
|
|
正题名:地质地貌学
索取号:P5/113=3
 
预约/预借
| 序号 | 登录号 | 条形码 | 馆藏地/架位号 | 状态 | 备注 |
| 1 | 846381 | 208463811 | 第二样本阅览室/ [索取号:P5/113=3] | 在馆 | |
| 2 | 846382 | 208463820 | 第三借阅区/ [索取号:P5/113=3] | 在馆 | |
| 3 | 846383 | 208463839 | 第三借阅区/ [索取号:P5/113=3] | 在馆 |